000 00441nam a2200157 i 4500
001 37562
003 ES-MaACL
005 20230906155611.0
007 t|
008 030221s1972 sp ||||1| spa d
100 0 _aEl Caballero Audaz.
_933095
245 1 4 _aUna herida en el cielo
_b: novela /
_cEl Caballero Audaz (seud.).
260 _aMadrid :
_bCumillera,
_c[1972]
300 _a390 p. ;
_c18 cm.
852 _aES-MaACL
_jC-45879
_bR.82577
999 _c37562
_d37562